Premier League All Time Leading Assists Quiz - Statistics

General Stats
  • This quiz has been taken 24 times
  • The average score is 6 of 10
Answer Stats
# of Assists Player % Correct
119 Kevin De Bruyne
89%
102 Frank Lampard
84%
162 Ryan Giggs
84%
93 David Silva
79%
92 Steven Gerrard
79%
92 Mohamed Salah
68%
103 Wayne Rooney
58%
94 Dennis Bergkamp
53%
90 James Milner
37%
111 Cesc Fabregas
0%
No matching quizzes found
Score Distribution
Percent of People with Each Score
Percentile by Number Answered
Your Score History
You have not taken this quiz